Central Library OPAC University of Rajshahi

Experiments with water : (Record no. 14665)

MARC details
000 -LEADER
fixed length control field 01233nam a2200337 a 4500
001 - CONTROL NUMBER
control field 14665
003 - CONTROL NUMBER IDENTIFIER
rucl marc code BD-RjUL
005 - DATE AND TIME OF LATEST TRANSACTION
control field 20211208235653.0
008 - FIXED-LENGTH DATA ELEMENTS--GENERAL INFORMATION
fixed length control field 080806s2008 ilua b 001 0 eng
020 ## - INTERNATIONAL STANDARD BOOK NUMBER
International Standard Book Number 9781432923136 (hc)
International Standard Book Number 978043113203
International Standard Book Number 9781432923204 (pb)
035 ## - SYSTEM CONTROL NUMBER
System control number (BD-RjUL)14719
040 ## - CATALOGING SOURCE
Original cataloging agency DLC
Transcribing agency DLC
Modifying agency DLC
-- BD-RjUL
Language of cataloging eng
041 ## - LANGUAGE CODE
Language code of text/sound track or separate title eng
082 04 - DEWEY DECIMAL CLASSIFICATION NUMBER
Classification number 532.078
Edition number 22
Author mark and year OXE 2009
100 1# - MAIN ENTRY--PERSONAL NAME
Personal name Oxlade, Chris.
9 (RLIN) 114541
245 10 - TITLE STATEMENT
Title Experiments with water :
Remainder of title water and buoyancy /
Statement of responsibility, etc. Chris Oxlade.
260 ## - PUBLICATION, DISTRIBUTION, ETC. (IMPRINT)
Place of publication, distribution, etc. Chicago, Ill. :
Name of publisher, distributor, etc. Heinemann Library,
Date of publication, distribution, etc. c2009.
300 ## - PHYSICAL DESCRIPTION
Pagination 48 p. :
Illustrations col. ill. ;
Size 25 cm.
490 0# - SERIES STATEMENT
Series statement Do it yourself
504 ## - BIBLIOGRAPHY, ETC. NOTE
Bibliography, etc Includes bibliographical references and index.
505 0# - FORMATTED CONTENTS NOTE
Formatted contents note Water everywhere -- Water, ice and steam -- Earth's water -- Water's properties -- Water for life -- Water supplies -- Saving water -- The power of water -- A precious resource.
650 #0 - SUBJECT ADDED ENTRY--TOPICAL TERM
Topical term or geographic name as entry element Water
Form subdivision Experiments.
9 (RLIN) 114542
Topical term or geographic name as entry element Archimedes' principle
Form subdivision Experiments.
9 (RLIN) 114543
Topical term or geographic name as entry element Floating bodies
Form subdivision Experiments.
9 (RLIN) 114544
Topical term or geographic name as entry element Buoyant ascent (Hydrodynamics)
Form subdivision Experiments.
9 (RLIN) 114545
942 ## - ADDED ENTRY ELEMENTS (KOHA)
Source of classification or shelving scheme Dewey Decimal Classification
Koha item type Books
Holdings
Lost status Source of classification or shelving scheme Damaged status Not for loan Collection code Permanent Location Current Location Shelving location Date acquired Source of acquisition Cost, normal purchase price Total Checkouts Full call number Date last seen Copy number Koha item type
  Dewey Decimal Classification   Not For Loan Non-fiction Central Library, University of Rajshahi Central Library, University of Rajshahi Reading Room 22/07/2014 Chittagong, Battighar 285.00   532.078 OXE 2009 04/12/2014 C-1 Books